Music Quiz

Random Music or Singers Quiz

'80s Metal Bands by Lead Singer Quiz Stats

 Plays Quiz Updated Sep 2, 2016

Also try: '80s Metal Bands
Challenge
Share
Tweet
Score 0/60 Timer 10:00
5 Plays Today
Singer Band % Correct
Axl RoseGuns N' Roses
84%
James HetfieldMetallica
76.7%
Vince NeilMötley Crüe
75.6%
Brian JohnsonAC/DC
75.2%
Dee SniderTwisted Sister
74.8%
Bret MichaelsPoison
73.9%
Rob HalfordJudas Priest
71.9%
David CoverdaleWhitesnake
70.1%
Joey TempestEurope
66.4%
Bruce DickinsonIron Maiden
65.6%
Sebastian BachSkid Row
65.1%
Dave MustaineMegadeth
64.3%
Joe ElliottDef Leppard
63.1%
Kevin DubrowQuiet Riot
57.3%
Mark SlaughterSlaughter
50.2%
Klaus MeineScorpions
48.2%
Tom KeiferCinderella
46.4%
Phil AnselmoPantera
44.1%
Stephen PearcyRatt
43.9%
Tom ArayaSlayer
39.2%
Jani LaneWarrant
39%
Joey BelladonnaAnthrax
35%
Mike TrampWhite Lion
34.8%
Udo DirkschneiderAccept
34.2%
Geoff TateQueensryche
33.9%
Jack RussellGreat White
33.3%
Steve PlunkettAutograph
31%
Janet GardinerVixen
29.4%
Jeff KeithTesla
24.6%
Joe Lynn TurnerRainbow
21%
Singer Band % Correct
Jesse James DupreeJackyl
20.8%
Michael SweetStryper
18.7%
Taime DowneFaster Pussycat
17.7%
CronosVenom
17.4%
Marq TorienBulletboys
17.3%
Biff ByfordSaxon
17%
Steve WhitemanKix
16.2%
Phil LewisL.A. Guns
15.1%
Michael KiskeHelloween
14.6%
Mike MonroeHanoi Rocks
13.3%
John BushArmored Saint
13.1%
Minoru NiiharaLoudness
12.2%
Dave MenikettiY&T
10%
Steve GrimmettGrim Reaper
9.7%
Dizzy Dean DavidsonBritny Fox
8.5%
Kim McAuliffeGirlschool
8.2%
Dave KingFastway
7.7%
Joe LeSteBang Tango
7%
Nikolai NoskovGorky Park
6.9%
Randy JacksonZebra
6.9%
Graham BonnetAlcatraz
6.6%
Jim GilletteNitro
5.8%
Paul ShortinoRough Cutt
5.6%
Brian VollmerHelix
5.5%
Eric KnutsonFlotsam and Jetsam
5.4%
Terry IlousXYZ
4.3%
Tim SkoldShotgun Messiah
4.1%
Jesper BinzerD-A-D
2.9%
Ann BoleynHellion
2.9%
Tracey LambRock Goddess
1.7%

You're not logged in!

Compare scores with friends on all Sporcle quizzes.
OR
Log In

You Might Also Like...

Show Comments

Extras

Top Quizzes Today


Score Distribution

Your Account Isn't Verified!

In order to create a playlist on Sporcle, you need to verify the email address you used during registration. Go to your Sporcle Settings to finish the process.

Report this User

Report this user for behavior that violates our Community Guidelines.

Details: